Statistics for Beatles Lyrics with No Hints (6)

Click here to take the quiz!

General Stats

  • This quiz has been taken 141 times
  • The average score is 117 of 167

Answer Stats

Lyrics% Correct
a
98%
the
92%
an
91%
you
90%
me
89%
be
88%
and
87%
in
85%
to
84%
on
82%
We
80%
we
80%
do
76%
my
76%
so
76%
like
74%
where
72%
us
71%
for
70%
let
70%
what
70%
with
70%
no
69%
what
69%
I'd
68%
under
68%
garden
67%
know
67%
octopus'
67%
one
67%
sea
67%
would
67%
there
64%
see
63%
shade
63%
that
63%
been
62%
happy
62%
our
62%
can't
61%
we've
60%
tell
59%
head
58%
his
58%
come
56%
knows
56%
every
54%
He'd
54%
Oh
54%
girl
53%
beneath
51%
dance
51%
friends
51%
waves
51%
because
50%
sing
50%
around
49%
ask
49%
boy
49%
little
49%
about
48%
found
47%
knowing
46%
safe
45%
they're
45%
hideaway
44%
warm
43%
joy
41%
lies
41%
seabed
41%
shout
41%
storm
41%
swim
41%
below
40%
Resting
40%
coral
37%
cave
35%
near
35%

Score Distribution

Percentile by Number Answered

Percent of People with Each Score

Your Score History

You have not taken this quiz